书目信息 |
| 题名: |
阆苑琼楼
|
|
| 作者: | 王纯 编著 | |
| 分册: | ||
| 出版信息: | 北京 化学工业出版社 2016.4 |
|
| 页数: | 138页 | |
| 开本: | 23×23cm | |
| 丛书名: | ||
| 单 册: | ||
| 中图分类: | TU247.4 | |
| 科图分类: | ||
| 主题词: | 饭店--建筑设计 , 饭店--室内装饰设计 | |
| 电子资源: | ||
| ISBN: | 978-7-122-25815-1 | |
| 000 | 01069nam0 2200289 450 | |
| 001 | 0400003593 | |
| 005 | 20171022102941.0 | |
| 010 | @a978-7-122-25815-1@dCNY58.00 | |
| 100 | @a20160411d2016 em y0chiy50 ea | |
| 101 | 0 | @achi |
| 102 | @aCN@b110000 | |
| 105 | @aa z 000yy | |
| 106 | @ar | |
| 200 | 1 | @a阆苑琼楼@9lang yuan qiong lou@e当代酒店建筑及室内设计@d= Architecture and interior design of contemporary hotel@f王纯编著@zeng |
| 210 | @a北京@c化学工业出版社@d2016.4 | |
| 215 | @a138页@d23×23cm | |
| 300 | @a21世纪建筑与室内设计前沿系列/朱淳主编 | |
| 320 | @a有书目(第138页) | |
| 330 | @a本书从酒店建筑及室内设计领域中最前沿的成果入手分析,归纳总结了各种最新的设计理念、思潮、流派、手法等。 | |
| 510 | 1 | @aArchitecture and interior design of contemporary hotel@zeng |
| 517 | 1 | @a当代酒店建筑及室内设计@9dang dai jiu dian jian zhu ji shi nei she ji |
| 606 | 0 | @a饭店@x建筑设计 |
| 606 | 0 | @a饭店@x室内装饰设计 |
| 690 | @aTU247.4@v5 | |
| 701 | 0 | @a王纯@9wang chun@4编著 |
| 801 | 0 | @aCN@b91MARC@c20171022 |
| 905 | @b1033816-20@dTU247.4@f5@e1176 | |
| 阆苑琼楼:当代酒店建筑及室内设计= Architecture and interior design of contemporary hotel/王纯编著.-北京:化学工业出版社,2016.4 |
| 138页;23×23cm |
| 21世纪建筑与室内设计前沿系列/朱淳主编 |
| ISBN 978-7-122-25815-1:CNY58.00 |
| 本书从酒店建筑及室内设计领域中最前沿的成果入手分析,归纳总结了各种最新的设计理念、思潮、流派、手法等。 |
| ● |
| 相关链接 |
|
|
|
|
正题名:阆苑琼楼
索取号:TU247.4/1176
 
预约/预借
| 序号 | 登录号 | 条形码 | 馆藏地/架位号 | 状态 | 备注 |
| 1 | 1033816 | 210338160 | 第二样本阅览室/ [索取号:TU247.4/1176] | 在馆 | |
| 2 | 1033817 | 210338179 | 密集书库-生命科学系/ [索取号:TU247.4/1176] | 在馆 | |
| 3 | 1033818 | 210338188 | 第三借阅区/ [索取号:TU247.4/1176] | 在馆 | |
| 4 | 1033819 | 210338197 | 第三借阅区/ [索取号:TU247.4/1176] | 在馆 | |
| 5 | 1033820 | 210338204 | 第三借阅区/ [索取号:TU247.4/1176] | 在馆 |